Statistics for Hotline Miami franchise soundtrack authors

Click here to take the quiz!

General Stats

  • This quiz has been taken 3 times
  • The average score is 13 of 35

Answer Stats

PerformerCompositions% Correct
Jasper ByrneHotline / Miami / Voyager / Decade Dance
100%
ScattleKnock-Knock / Inner Animal / It's Safe Now / Flatline / To the Top / Bloodline / Remorse
100%
Benny SmilesHotline Theme
67%
Carpenter BrutEscape from Midwitch Valley / Roller Mobster / Le Perv
67%
El HuervoCrush / Daisuke / Turf / Ghost / Rust
67%
IAMTHEKIDYOUKNOWWHATIMEANRun
67%
Light ClubBlizzard / Fahkeet / She Meditates
67%
Magic SwordIn the Face of Evil / The Way Home
67%
Mega DriveNARC / Acid Spit / Slum Lord
67%
M.O.O.NCrystals / Hydrogen / Paris / Release / Dust / Delay / Quixotic
67%
PerturbatorMiami Disco / Electric Dreams / Technoir / Sexualizer / Future Club
67%
Sun ArawHorse Steppin' / Deep Cover
67%
ChromacleInterlude
33%
CinimodThe Rumble
33%
CoconutsSilver Lights
33%
Dag UnengeThe Winding Theme #1 (Untitled)
33%
DubmoodRichard
33%
El Tigr3She Swallowed Burning Coals
33%
Life CompanionsWe're Sorry / Richard
33%
LipPi SoundAbyss
33%
MagnaDivide
33%
Mitch MurderHollywood Heights / Frantic Aerobics
33%
ModulogeekAround
33%
SjellosChamber of Reflections
33%
The Green KingdomUntitled (HM2 Main Menu Theme)
33%
Auto Delta TimeMiss Minnie
0%
CastanetsYou Are the Blood
0%
Eirik SuhrkeA New Morning
0%
Elliott BerlinMusikk Per Automatikk
0%
EndlessDisturbance / Keep Calm
0%
NounverberBlack Tar
0%
Old Future Fox GangGuided Meditation / Java
0%
Prey GrowlDetection
0%
RiddarnaSimma Hem
0%
Vestron VultureNew Wave Hookers
0%

Score Distribution

Percentile by Number Answered

Percent of People with Each Score

Your Score History

You have not taken this quiz